Obra completa en poesía [de Stéphane Mallarmé] /

Stephane Mallarmé (1842-1898), escritor francés, es calificado como uno de los creadores y pensadores más brillantes de la poesía simbolista, cuya fecha de nacimiento se sitúa hacia 1876, año en que este autor publica La siesta de un fauno. Empero, los temas, imágenes y el repertorio de objetos que...

Disgrifiad llawn

Wedi'i Gadw mewn:
Manylion Llyfryddiaeth
Prif Awdur: Mallarmé, Stéphane (autor)
Awduron Eraill: Mañé Garzón, Pablo (traducción) (traducción)
Fformat: Llyfr
Iaith:Ffrangeg
Cyhoeddwyd: Barcelona, España : Ediciones 29, 1979, c1979
Cyfres:(Libros Río Nuevo ; Poesía ; 25. 17, 18)
Pynciau:
Tagiau: Ychwanegu Tag
Dim Tagiau, Byddwch y cyntaf i dagio'r cofnod hwn!

MARC

LEADER 00000nam^a2200000^a^4500
001 000163970
005 20250521000000.0
009 20260310100925.643
020 |a 84-7175-160-7 
020 |a 84-7175-161-7 
037 |a Acervo ITESO - Biblioteca 
041 |a FRA 
082 |a 841.  |b MAL 
100 |a Mallarmé, Stéphane  |e (autor) 
240 1 1 |a [Poesía de Stéphane Mallarmé] 
245 1 0 |a Obra completa en poesía [de Stéphane Mallarmé] /  |c S. Mallarmé ; pról. y tr. por P. Mañé Garzón. 
246 2 |a Título en la cubierta: Poesía completa 
264 4 |a Barcelona, España :  |b Ediciones 29,  |c 1979, c1979 
300 |a 2 v. (246, 223 p.) 
336 |a texto  |b txt  |2 rdacontenido 
337 |a sin mediación  |b n  |2 rdamedio 
338 |a volumen  |b nc  |2 rdasoporte 
440 1 |a (Libros Río Nuevo ;  |v 25.  |p Poesía ;  |v 17, 18) 
520 |a Stephane Mallarmé (1842-1898), escritor francés, es calificado como uno de los creadores y pensadores más brillantes de la poesía simbolista, cuya fecha de nacimiento se sitúa hacia 1876, año en que este autor publica La siesta de un fauno. Empero, los temas, imágenes y el repertorio de objetos que caracterizan su poesía habían empezado a gestarse casi diez años atrás, cuando inicia el relato Igitur, o la locura de Elbehnon (1867). Admirado por sus contemporáneos Paul Verlaine y Joris-Karl Huysmans y considerado como el fundador de una escuela, Stéphane Mallarmé presentó Una tirada de dados jamás abolirá el azar en 1897, un año antes de su muerte. Figura clave en el desarrollo de la poesía moderna, su obra ha influido en los poetas dadaístas, los futuristas, los herméticos y los llamados poetas visuales. 
546 |a Edición bilingüe español-francés 
649 |a XX 
650 |a Poesía Francesa 
650 |a Literatura Francesa -  |y Siglo XIX 
650 |a Arte y Simbolismo -  |z Francia 
700 |a Mañé Garzón, Pablo  |e (traducción) 
910 |a Fondo Armando Suárez Gómez 
920 |a Impresos - Libros 
930 |a Fondos Especiales 
940 |a Literatura 
905 |a 111 
901 |a 0700005569  |b IT2  |c ESP  |u 20250521 
901 |a 0700005568  |b IT2  |c ESP  |u 20250521 
902 |a https://opac.biblio.iteso.mx/vufind/Record/000163970